| 000 | 00707nam a22002177a 4500 | ||
|---|---|---|---|
| 003 | OSt | ||
| 005 | 20240708011800.0 | ||
| 008 | 240708b |||||||| |||| 00| 0 eng d | ||
| 020 | _a978-621-416-076 | ||
| 040 |
_aDWC- Main Lib _cOC |
||
| 082 | _aFil. 345.9906 S713s 2019 | ||
| 100 | _aSoriano, Fidelito R. | ||
| 245 |
_aSales, agency and credit transactions: _b(Law and Application) for business and law students/ _cFidelito R. Soriano. |
||
| 250 | _a2019 edition | ||
| 260 |
_aManila, Philippines : _bGIC Enterprises & Co., Inc., _cc2019. |
||
| 300 |
_a543 pages : _billustrations ; _c23cm. |
||
| 650 | _a1. Sales | ||
| 650 | _a2. Philippines | ||
| 650 | _a3. Agency ( Law) | ||
| 942 |
_2ddc _cBK - FIL _n1 |
||
| 999 |
_c2063 _d2063 |
||